Groups of Countries #5 - Statistics

General Stats
  • This quiz has been taken 449 times
    437 since last reset
  • The average score is 25 of 31
Answer Stats
Group Country % Correct
Warsaw Pact Countries Poland
97%
Saint, Sao, or San Countries Saint Lucia
95%
Iberian Peninsula Spain
95%
Iberian Peninsula Portugal
94%
Saint, Sao, or San Countries Saint Kitts and Nevis
94%
Saint, Sao, or San Countries Saint Vincent and the Grenadines
94%
Saint, Sao, or San Countries São Tomé and Príncipe
91%
North Korea
85%
Peru
85%
South Korea
85%
Ecuador
84%
South Sudan
84%
Iberian Peninsula Andorra
83%
Colombia
83%
Samoa
83%
Andean Countries Bolivia
82%
Warsaw Pact Countries Hungary
81%
Warsaw Pact Countries Romania
80%
Venezuela
80%
Saint, Sao, or San Countries San Marino
79%
South Africa
79%
Tonga
79%
Tuvalu
79%
Warsaw Pact Countries Bulgaria
78%
North Macedonia
76%
Cardinal Direction Countries East Timor
75%
Warsaw Pact Countries Albania
74%
Warsaw Pact Countries Soviet Union
68%
Warsaw Pact Countries Czechoslovakia
65%
Polynesia New Zealand
64%
Warsaw Pact Countries East Germany
57%
No matching quizzes found
Score Distribution
Percent of People with Each Score
Percentile by Number Answered
Your Score History
You have not taken this quiz since the last reset